000 00542nam a22001937a 4500
005 20230209070807.0
008 230209b |||||||| |||| 00| 0 eng d
020 _a0-330-29722-8
082 _aFic. C712 1987
100 _aCollins, Jackie
_eauthor
245 _aHollywood husbands /
_cJackie Collins
260 _aLondon:
_bPan Books,
_cc1987.
300 _a508p.
541 _e5558
650 _aHollywood (Los Angeles, Calif) - Fiction
650 _aHusbands - Fiction
650 _aRoverge - Fiction
650 _aActors - Fiction
999 _c1029
_d1029